Library Banner

Al Atta ul fikri lil Shaekh Muhammad Ghazali/ (Record no. 93720)

MARC details
000 -LEADER
fixed length control field 00439nam a22001457a 4500
005 - DATE AND TIME OF LATEST TRANSACTION
control field 20170517143931.0
008 - FIXED-LENGTH DATA ELEMENTS--GENERAL INFORMATION
fixed length control field 170517b xxu||||| |||| 00| 0 eng d
040 ## - CATALOGING SOURCE
Transcribing agency PK-LaUMT
082 ## - DEWEY DECIMAL CLASSIFICATION NUMBER
Classification number ZIAC 297.01
Item number FAT-A
100 ## - MAIN ENTRY--PERSONAL NAME
Personal name Fatehi Hassan
245 ## - TITLE STATEMENT
Title Al Atta ul fikri lil Shaekh Muhammad Ghazali/
Statement of responsibility, etc Fatehi Hassan
260 ## - PUBLICATION, DISTRIBUTION, ETC. (IMPRINT)
Place of publication, distribution, etc بیروت:
Name of publisher, distributor, etc المعھد العالمی للفکر الاسلامی،
Date of publication, distribution, etc 1996
300 ## - PHYSICAL DESCRIPTION
Extent 260 ص
942 ## - ADDED ENTRY ELEMENTS (KOHA)
Koha item type Books
Holdings
Withdrawn status Lost status Damaged status Home library Current library Date acquired Full call number Barcode Date last seen Price effective from Koha item type
      UMT Main Campus UMT Main Campus 2017-05-17 ZIAC 297.01 FAT-A 108973 2017-05-17 2017-05-17 Books